000 01025nam2a22002771 4500
001 v19\rc\1528643
005 20250618174048.0
035 _a(NLR Aleph) 004649291
090 _a3400059
_c3400059
100 _a20060620d1889 |||y0rusy50 ca
101 0 _arus
102 _aRU
105 _ab z |||||
200 1 _aЕвропа
210 _d1889
_aБ. м.
215 _aIV, 155 с.
_cкарт.
461 0 _1001v19\rc\1528639
_12001#$aУчебник географии$fСост. А.Я. Гердт. I-IV$vIV
_1700#1$aГерд$bА.Я.$f1841-1888$gАлександр Яковлевич$4220
_93400013
_aГерд, А.Я. (1841-1888)
_cСанкт-Петербург
_d1887-1889
_fСост. А.Я. Гердт. I-IV
_nЛ.Ф. Пантелеев
_p3 т.
_tУчебник географии
_vIV
801 0 _aRU
_bNLR
_gpsbo
801 0 _aRU
_bRuMoRGB
_2psbo
801 1 _aRU
_bProSoft-M
_2rusmarc
852 _aNLR
_j38.15.4.26.
899 _aRuMoRGB
_jA 143/81
899 _aБАН
899 _aНБ СПбГУ
942 _cBOOK
980 _aNB